Statistics in the 21st century / (Record no. 35012)
[ view plain ]
| 000 -LEADER | |
|---|---|
| fixed length control field | 01366cam a22003254a 4500 |
| 001 - CONTROL NUMBER | |
| control field | 12379902 |
| 003 - CONTROL NUMBER IDENTIFIER | |
| control field | OSt |
| 005 - DATE AND TIME OF LATEST TRANSACTION | |
| control field | 20220418085219.0 |
| 008 - FIXED-LENGTH DATA ELEMENTS--GENERAL INFORMATION | |
| fixed length control field | 010413s2002 flu b 001 0 eng |
| 010 ## - LIBRARY OF CONGRESS CONTROL NUMBER | |
| LC control number | 2001028887 |
| 020 ## - INTERNATIONAL STANDARD BOOK NUMBER | |
| International Standard Book Number | 1584882727 (alk. paper) |
| 040 ## - CATALOGING SOURCE | |
| Original cataloging agency | DLC |
| Transcribing agency | HU |
| Modifying agency | DLC |
| 042 ## - AUTHENTICATION CODE | |
| Authentication code | pcc |
| 050 00 - LIBRARY OF CONGRESS CALL NUMBER | |
| Classification number | QA276.16 |
| Item number | .S8444 2002 |
| 082 00 - DEWEY DECIMAL CLASSIFICATION NUMBER | |
| Classification number | 519.5 STA 2002 |
| Edition number | 21 |
| 245 00 - TITLE STATEMENT | |
| Title | Statistics in the 21st century / |
| Statement of responsibility, etc. | edited by Adrian E. Raftery, Martin Tanner, Martin Wells. |
| 246 30 - VARYING FORM OF TITLE | |
| Title proper/short title | Statistics in the twenty-first century |
| 260 ## - PUBLICATION, DISTRIBUTION, ETC. | |
| Place of publication, distribution, etc. | Boca Raton, Fla : |
| Name of publisher, distributor, etc. | Chapman & Hall/CRC |
| Date of publication, distribution, etc. | c2002. |
| 300 ## - PHYSICAL DESCRIPTION | |
| Extent | 555 p. : |
| Other physical details | ill., ; |
| Dimensions | 23 cm. |
| 440 #0 - SERIES STATEMENT/ADDED ENTRY--TITLE | |
| Title | Monographs on statistics and applied probability ; |
| Volume/sequential designation | 93 |
| 9 (RLIN) | 7624 |
| 504 ## - BIBLIOGRAPHY, ETC. NOTE | |
| Bibliography, etc. note | Includes bibliographical references and indexes. |
| 650 #0 - SUBJECT ADDED ENTRY--TOPICAL TERM | |
| Topical term or geographic name entry element | Mathematical statistics. |
| 9 (RLIN) | 3113 |
| 700 1# - ADDED ENTRY--PERSONAL NAME | |
| Personal name | Raftery, Adrian E. |
| 9 (RLIN) | 36231 |
| 700 1# - ADDED ENTRY--PERSONAL NAME | |
| Personal name | Tanner, Martin Abba, |
| Dates associated with a name | 1957- |
| 9 (RLIN) | 36232 |
| 700 1# - ADDED ENTRY--PERSONAL NAME | |
| Personal name | Wells, Martin. |
| Fuller form of name | (Martin T.) |
| 9 (RLIN) | 36233 |
| 856 42 - ELECTRONIC LOCATION AND ACCESS | |
| Materials specified | Publisher description |
| Uniform Resource Identifier | <a href="http://www.loc.gov/catdir/enhancements/fy0646/2001028887-d.html">http://www.loc.gov/catdir/enhancements/fy0646/2001028887-d.html</a> |
| 906 ## - LOCAL DATA ELEMENT F, LDF (RLIN) | |
| a | 7 |
| b | cbc |
| c | orignew |
| d | 1 |
| e | ocip |
| f | 20 |
| g | y-gencatlg |
| 942 ## - ADDED ENTRY ELEMENTS (KOHA) | |
| Source of classification or shelving scheme | Dewey Decimal Classification |
| Koha item type | Books like text book referance book |
| Suppress in OPAC | No |
| Withdrawn status | Lost status | Source of classification or shelving scheme | Damaged status | Not for loan | Collection code | Home library | Current library | Shelving location | Date acquired | Total Checkouts | Full call number | Barcode | Date last seen | Copy number | Price effective from | Koha item type |
|---|---|---|---|---|---|---|---|---|---|---|---|---|---|---|---|---|
| Dewey Decimal Classification | Reference | Wondo Genet Library | Wondo Genet Library | General Stacks | 04/18/2022 | 519.5 STA 2002 | WGCFNRL00019261 | 04/18/2022 | 1 | 04/18/2022 | Books like text book referance book |